Statistics for US States by Emoji, According to ChatGPT

Click here to take the quiz!

General Stats

  • This quiz has been taken 48 times
  • The average score is 22 of 50

Answer Stats

EmojiState% Correct
πŸŒ΅πŸ€ β›½Texas
90%
πŸŒ΄πŸŒŠπŸŒ‰California
86%
πŸŒ΄πŸ–οΈπŸŠFlorida
86%
πŸ—½πŸŽπŸŒƒNew York
83%
πŸ‘πŸŽ­β›°οΈGeorgia
81%
πŸŒ΅β˜€οΈπŸœοΈArizona
79%
πŸŒΊπŸοΈπŸŒ‹Hawaii
79%
🎷🍀🌊Louisiana
74%
πŸ”οΈπŸ»β„οΈAlaska
71%
🎰🌡🏜️Nevada
71%
🌲🦞🌊Maine
69%
πŸ—½πŸ–οΈπŸ…New Jersey
69%
πŸ₯”πŸžοΈπŸŽ£Idaho
64%
πŸ€πŸŽοΈπŸŒ½Indiana
64%
🌽🚜🌾Iowa
64%
πŸ§€πŸžοΈπŸš£Wisconsin
64%
πŸ¦€β›΅πŸ’Maryland
62%
🌡🏜️🎨New Mexico
62%
πŸŽΈπŸŽΆβ›°οΈTennessee
62%
πŸ”οΈβ›·οΈπŸŒ„Colorado
60%
🌾πŸŒͺ️🏞️Kansas
60%
πŸ””β›°οΈπŸ›οΈPennsylvania
60%
πŸœοΈπŸ€β›°οΈUtah
52%
πŸβ›°οΈπŸŒ³Vermont
45%
🐎πŸ₯ƒπŸŒ³Kentucky
40%
πŸπŸ“šπŸ›οΈMassachusetts
40%
🌽🏈🌾Nebraska
40%
πŸŽ’πŸ€πŸŒ²Ohio
40%
πŸ’πŸŒŠπŸ’Michigan
38%
πŸŒ²πŸžοΈβ˜”Washington
36%
πŸ›ΆπŸŒ²β„οΈMinnesota
31%
🍁🏞️🌲New Hampshire
31%
🌲🏞️🌊Oregon
31%
β›°οΈπŸžοΈπŸŽMontana
26%
πŸŒ΄πŸ–οΈπŸŒŠSouth Carolina
26%
πŸŒ†πŸŽ­πŸŒ½Illinois
24%
🎸🏈🌊Alabama
21%
πŸŒΈπŸžοΈπŸ›οΈVirginia
19%
πŸ—»πŸŽπŸžοΈWyoming
14%
🐳🍎🏫Connecticut
12%
πŸ¦€πŸŒΈπŸš’Delaware
12%
β›°οΈπŸš‚πŸžοΈWest Virginia
12%
πŸŒΎπŸ”οΈπŸŒ»North Dakota
10%
β›ˆοΈπŸ΄πŸŒΎOklahoma
10%
πŸƒβ›°οΈπŸžοΈSouth Dakota
7%
πŸŒ³β›°οΈπŸžοΈArkansas
5%
🏞️🌊🌲North Carolina
5%
πŸŒŠβ›΅πŸš’Rhode Island
5%
🎣πŸ”₯πŸ”Mississippi
2%
β›°οΈπŸŒƒπŸŽ£Missouri
2%

Score Distribution

Percentile by Number Answered

Percent of People with Each Score

Your Score History

You have not taken this quiz